| 000 | 00478cam a2200205ua 4500 | ||
|---|---|---|---|
| 001 | 9726 | ||
| 005 | 20260515114521.0 | ||
| 008 | 160808n ii |||gr||||Z||||||asm | ||
| 040 | _cMAIN | ||
| 041 | _aasm | ||
| 082 | _a001.942 | ||
| 100 |
_aSaikia, Kabir, _eAuthor. |
||
| 245 |
_aRahashyar chaknoiyat UFO _cby Kabir Saikia |
||
| 250 | _a1st ed. | ||
| 260 |
_aDibrugarh: _bKoushtav prakashan, _c2010. |
||
| 300 | _a84p. | ||
| 653 | _aKnowledge | ||
| 653 | _aUFO | ||
| 942 | _cBK | ||
| 999 |
_c8731 _d8731 |
||